000 00666nam a22002057a 4500
999 _c13715
_d13715
003 AR-CdUCM
008 190416b ||||| |||| 00| 0 spa d
040 _aMUNICIPALIDAD PROVINCIAL DEL CUSCO
_cBIBLIOTECA MUNICIPAL DEL CUSCO
082 _aTS / 985.412
_bR74
100 _aRodriguez, Jose Emilio
_932217
245 _aAnotaciones Monográficas /
260 _aArequipa :
_bPortugal,
_c1934.
300 _a79 páginas ;
_c20 cm.
500 _aAntes del Titulo: Provincia de Castilla.
505 _aContenido: Anotaciones Monográficas.
650 _aArequipa
_91703
650 _aProvincia de Castilla
_932218
942 _2ddc
_cTESIS
945 _acmm
_d2019-04-16